[Event "Prva liga Centralne Srbije 2010"]
[Site "Valjevo"]
[Date "2010.09.24"]
[Round "9.1"]
[White "Rusev, Krasimir"]
[Black "Szabo, Gergely-Andras-Gyula"]
[Result "1/2-1/2"]
[WhiteElo "2524"]
[BlackElo "2552"]
[PlyCount "32"]
[EventDate "2010.09.18"]

1. d4 d5 2. c4 dxc4 3. Nf3 Nf6 4. e3 e6 5. Bxc4 c5 6. O-O a6 7. dxc5 Qxd1 8.
Rxd1 Bxc5 9. Be2 Nbd7 10. Nbd2 b6 11. Nc4 Bb7 12. Nd4 O-O 13. Nb3 Be7 14. f3 a5
15. e4 a4 16. Nd4 Nc5 1/2-1/2

[Event "Prva liga Centralne Srbije 2010"]
[Site "Valjevo"]
[Date "2010.09.24"]
[Round "9.1"]
[White "Boskovic, Drasko"]
[Black "Radovanovic, Dusan"]
[Result "1-0"]
[WhiteElo "2417"]
[BlackElo "2387"]
[PlyCount "169"]
[EventDate "2010.09.18"]

1. d4 Nf6 2. Bg5 Ne4 3. Bf4 d5 4. e3 c5 5. Bd3 Nf6 6. c3 Nc6 7. Nd2 g6 8. h3
Bg7 9. Ngf3 O-O 10. Ne5 Nd7 11. Nxd7 Bxd7 12. dxc5 e5 13. Bh2 Be6 14. O-O f5
15. f4 e4 16. Bb5 Na5 17. Nb3 Nxb3 18. axb3 Qc7 19. b4 a5 20. Qe2 Rfd8 21. Bg3
Qe7 22. bxa5 Qxc5 23. Bh4 Rdc8 24. Ra4 Ra7 25. Rfa1 Rca8 26. Kh2 h6 27. a6 b6
28. Rc1 Rc8 29. Ra3 Kh7 30. Raa1 Rg8 31. Ba4 Rc8 32. Bb5 Rg8 33. Ba4 Rc8 34.
Bb5 Bf7 35. Ra4 Rg8 36. Raa1 g5 37. Bg3 Bf6 38. Rf1 Be6 39. Kh1 Qe7 40. Qf2 Qc5
41. Qe2 Qe7 42. Qf2 g4 43. h4 Rc8 44. Rfd1 Rc5 45. Bf1 Qc7 46. Qe2 Qe7 47. Qe1
Qc7 48. Qe2 Qd8 49. Qe1 b5 50. Ra3 Qb6 51. Rda1 Bc8 52. h5 Qd8 53. b4 Rcc7 54.
Bxb5 Be6 55. Be2 Qb8 56. Bh4 Bg7 57. Rc1 Rc8 58. Bf1 Rac7 59. b5 Qb6 60. Bf2
Bf7 61. Qd2 Ra7 62. Ra4 Rd8 63. Rd4 Rc8 64. Rxd5 Bxd5 65. Qxd5 Rc5 66. Qd2 Rxb5
67. Bxb5 Qxb5 68. c4 Qe8 69. Qd6 Qxh5+ 70. Kg1 Qg6 71. Qxg6+ Kxg6 72. c5 Rxa6
73. c6 Ra8 74. c7 Rc8 75. Be1 Kf7 76. Ba5 Bf6 77. Rd1 Ke8 78. Rd5 Be7 79. Kf2
h5 80. g3 h4 81. gxh4 Bxh4+ 82. Kg2 Ra8 83. Rxf5 Kd7 84. Rd5+ Ke8 85. Rd8+ 1-0

[Event "Prva liga Centralne Srbije 2010"]
[Site "Valjevo"]
[Date "2010.09.24"]
[Round "9.1"]
[White "Radivojevic, Ivan"]
[Black "Stankovic, Milos"]
[Result "0-1"]
[WhiteElo "2361"]
[BlackElo "2315"]
[PlyCount "106"]
[EventDate "2010.09.18"]

1. e4 c5 2. Nc3 d6 3. g3 Nc6 4. Bg2 g6 5. d3 Bg7 6. Be3 Rb8 7. Qd2 b5 8. Nge2
Nd4 9. O-O e6 10. Nc1 Ne7 11. Nd1 b4 12. c3 Ndc6 13. Bh6 O-O 14. Bxg7 Kxg7 15.
f4 bxc3 16. bxc3 d5 17. Qf2 Qa5 18. e5 Ba6 19. g4 f6 20. exf6+ Rxf6 21. Qe1 Qc7
22. Qd2 Rbf8 23. Ne2 e5 24. f5 gxf5 25. Ng3 Kh8 26. Nxf5 Nxf5 27. Rxf5 Rxf5 28.
gxf5 Qg7 29. Kh1 Ne7 30. Ne3 d4 31. cxd4 exd4 32. Nd5 Nxf5 33. Be4 Bb7 34. Rg1
Qe5 35. Qg2 Nh4 36. Qg3 Qxg3 37. hxg3 Nf5 38. Kh2 Bxd5 39. Bxd5 Ne3 40. Bb3
Rf2+ 41. Kh3 Kg7 42. Rc1 Rf5 43. Kh2 Kf6 44. Rb1 Kg5 45. Bg8 h5 46. Rb7 Rf2+
47. Kh1 Kg4 48. Rg7+ Kf3 49. Be6 Ng4 50. Bd5+ Kxg3 51. Kg1 Rf4 52. Rxa7 h4 53.
Be6 h3 0-1

[Event "Prva liga Centralne Srbije 2010"]
[Site "Valjevo"]
[Date "2010.09.24"]
[Round "9.1"]
[White "Krstic, Petar"]
[Black "Zivkovic, Ivan B"]
[Result "0-1"]
[WhiteElo "2347"]
[BlackElo "2327"]
[PlyCount "64"]
[EventDate "2010.09.18"]

1. e4 c5 2. Nf3 Nc6 3. d4 cxd4 4. Nxd4 Nf6 5. Nc3 d6 6. Bg5 Bd7 7. Qd2 a6 8.
O-O-O e6 9. f4 h6 10. Bh4 g5 11. fxg5 Ng4 12. Be2 Nge5 13. Kb1 Nxd4 14. Qxd4
hxg5 15. Bg3 Qc7 16. Rhf1 Be7 17. Na4 Bc6 18. Nb6 Rd8 19. Nc4 f6 20. Nxe5 dxe5
21. Qc4 Rxd1+ 22. Rxd1 Qc8 23. Bg4 Kf7 24. a4 b5 25. axb5 axb5 26. Qb3 Bxe4 27.
Re1 Bg6 28. Bxe5 fxe5 29. Rxe5 Kg7 30. Rxe6 Qc5 31. Ra6 Rxh2 32. Be6 Bxc2+ 0-1

[Event "Prva liga Centralne Srbije 2010"]
[Site "Valjevo"]
[Date "2010.09.24"]
[Round "9.1"]
[White "Bojovic, Dusan"]
[Black "Misailovic, Nebojsa"]
[Result "0-1"]
[WhiteElo "2342"]
[BlackElo "2303"]
[PlyCount "70"]
[EventDate "2010.09.18"]

1. e4 c6 2. d4 d5 3. Nd2 dxe4 4. Nxe4 Bf5 5. Ng3 Bg6 6. Nh3 Nf6 7. Nf4 e5 8.
Nxg6 hxg6 9. Bg5 exd4 10. Qd2 Be7 11. O-O-O c5 12. Re1 Nc6 13. h4 a6 14. h5
Nxh5 15. Bxe7 Nxe7 16. Rxh5 Rxh5 17. Nxh5 gxh5 18. Qg5 Kf8 19. Bd3 Qd6 20. Kd1
g6 21. g4 hxg4 22. Qxg4 b5 23. Qh4 Ng8 24. f4 Re8 25. Rxe8+ Kxe8 26. b3 Nf6 27.
a4 bxa4 28. bxa4 Nd5 29. a5 c4 30. Be2 Nc3+ 31. Kd2 Nxe2 32. Qh8+ Ke7 33. Kxe2
Qxf4 34. Qc8 Qe3+ 35. Kf1 Qc1+ 0-1

[Event "Prva liga Centralne Srbije 2010"]
[Site "Valjevo"]
[Date "2010.09.24"]
[Round "9.1"]
[White "Civric, Zdravko"]
[Black "Toth, Aleksandar"]
[Result "1/2-1/2"]
[WhiteElo "2204"]
[BlackElo "2296"]
[PlyCount "58"]
[EventDate "2010.09.18"]

1. d4 d5 2. Bf4 Nf6 3. e3 c5 4. c3 Nbd7 5. Nd2 g6 6. h3 Bg7 7. Ngf3 O-O 8. Bd3
b6 9. O-O Bb7 10. Qc2 Re8 11. Bh2 a6 12. Rac1 Rc8 13. Qb1 e6 14. Rfe1 Qe7 15.
Rcd1 b5 16. b4 cxb4 17. cxb4 Nb6 18. a3 Nc4 19. Qa1 Nd7 20. Nb3 Red8 21. Ne5
Ndb6 22. Nc5 f6 23. Nf3 Bc6 24. Bg3 Nd7 25. Rb1 Nxc5 26. bxc5 Qb7 27. Qc3 Qa8
28. Rbd1 Re8 29. Nd2 Rcd8 1/2-1/2

[Event "Prva liga Centralne Srbije 2010"]
[Site "Valjevo"]
[Date "2010.09.24"]
[Round "9.2"]
[White "Milanovic, Slavisa"]
[Black "Bojkov, Dejan"]
[Result "1/2-1/2"]
[WhiteElo "2389"]
[BlackElo "2552"]
[PlyCount "84"]
[EventDate "2010.09.18"]

1. Nf3 Nf6 2. c4 g6 3. Nc3 Bg7 4. d4 O-O 5. g3 d6 6. Bg2 Nbd7 7. O-O e5 8. e4
a6 9. Re1 exd4 10. Nxd4 Ng4 11. h3 Qf6 12. Nf3 Nge5 13. Nd5 Qd8 14. Nxe5 Nxe5
15. Qc2 Be6 16. f4 Nxc4 17. Qxc4 c6 18. Qb4 cxd5 19. exd5 Bf5 20. Be3 a5 21.
Qd2 h5 22. Rac1 Qd7 23. Kh2 Rfc8 24. b3 Qb5 25. Bf1 Qb4 26. Rxc8+ Rxc8 27. Rc1
Bc3 28. Qd1 b5 29. Bd3 Re8 30. Bf2 Bxd3 31. Qxd3 Bf6 32. Rc2 h4 33. gxh4 Qxf4+
34. Bg3 Qb4 35. h5 Kg7 36. hxg6 fxg6 37. a3 Qe4 38. Qxe4 Rxe4 39. Bxd6 Re3 40.
Rc7+ Kg8 41. Ra7 Rd3 42. Rxa5 Rxd5 1/2-1/2

[Event "Prva liga Centralne Srbije 2010"]
[Site "Valjevo"]
[Date "2010.09.24"]
[Round "9.2"]
[White "Ivanovic, Dragutin"]
[Black "Djokic, Nenad"]
[Result "1-0"]
[WhiteElo "2329"]
[BlackElo "2374"]
[PlyCount "43"]
[EventDate "2010.09.18"]

1. d4 Nf6 2. Bg5 e6 3. Nc3 h6 4. Bh4 Bb4 5. Qd3 b6 6. e4 g5 7. Bg3 Bb7 8. f3 d5
9. O-O-O Ba6 10. Qe3 Bxf1 11. Rxf1 c6 12. Nge2 Nh5 13. Be5 Rh7 14. g4 Ng7 15.
exd5 Bxc3 16. Nxc3 cxd5 17. Qd3 f5 18. Re1 Nd7 19. Bxg7 Rxg7 20. Rxe6+ Kf8 21.
Qxf5+ Kg8 22. Rxh6 1-0

[Event "Prva liga Centralne Srbije 2010"]
[Site "Valjevo"]
[Date "2010.09.24"]
[Round "9.2"]
[White "Stankovic, Dragan P"]
[Black "Sorgic, Dragan"]
[Result "1/2-1/2"]
[WhiteElo "2287"]
[BlackElo "2289"]
[PlyCount "133"]
[EventDate "2010.09.18"]

1. d4 d6 2. c4 g6 3. Nc3 Nf6 4. e4 Bg7 5. f4 O-O 6. Nf3 Na6 7. Bd3 e5 8. fxe5
dxe5 9. d5 Nc5 10. O-O Nxd3 11. Qxd3 Nh5 12. Bg5 Qd7 13. Qd2 f6 14. Be3 f5 15.
exf5 gxf5 16. Bh6 e4 17. Nd4 Rf6 18. Bxg7 Qxg7 19. Rf2 Bd7 20. Raf1 Raf8 21.
Nde2 Rh6 22. Nxe4 Re8 23. N4g3 Nf6 24. Nxf5 Bxf5 25. Rxf5 Ne4 26. Qd4 Nd6 27.
Qxg7+ Kxg7 28. Ng3 Rg6 29. R5f4 Re5 30. c5 Ne8 31. Rf7+ Kh8 32. Rd7 Nf6 33.
Rxc7 Rxd5 34. b4 Rd2 35. Rxb7 Nd5 36. Rb8+ Rg8 37. Rxg8+ Kxg8 38. Ne4 Rxa2 39.
Nf6+ Nxf6 40. Rxf6 Kg7 41. Rf4 Rc2 42. h3 Kg6 43. Rd4 h5 44. Rd6+ Kg5 45. Ra6
Rc4 46. Rxa7 Rxb4 47. c6 Rc4 48. Rc7 Kf4 49. Rf7+ Kg3 50. Rf3+ Kh4 51. Rf6 Kg3
52. Rg6+ Kh4 53. g3+ Kxh3 54. Kf2 h4 55. gxh4 Kxh4 56. Ke3 Kh5 57. Kd3 Rc1 58.
Re6 Kg5 59. Kd4 Kf5 60. Re5+ Kf6 61. Rc5 Rd1+ 62. Kc4 Ke6 63. c7 Rc1+ 64. Kb5
Rxc5+ 65. Kxc5 Kd7 66. Kb6 Kc8 67. Kc6 1/2-1/2

[Event "Prva liga Centralne Srbije 2010"]
[Site "Valjevo"]
[Date "2010.09.24"]
[Round "9.2"]
[White "Obradovic, Blazimir"]
[Black "Vuckovic, Branko"]
[Result "0-1"]
[WhiteElo "2194"]
[BlackElo "2243"]
[PlyCount "108"]
[EventDate "2010.09.18"]

1. d4 Nf6 2. c4 e5 3. dxe5 Ng4 4. Bf4 g5 5. Bd2 Bg7 6. Nf3 Nxe5 7. Nxe5 Bxe5 8.
Bc3 Nc6 9. e3 d6 10. Be2 Bf5 11. Bxe5 Nxe5 12. Nc3 c6 13. Qd4 Qa5 14. g4 Bd7
15. f4 Ng6 16. f5 Ne5 17. Qxd6 O-O-O 18. b4 Qa3 19. Qxe5 Rhe8 20. Qf6 Rxe3 21.
Nd1 Qxb4+ 22. Kf2 Rxe2+ 23. Kxe2 Qxc4+ 24. Kf2 Qf4+ 25. Kg1 Qxg4+ 26. Kf1 Bxf5
27. Nf2 Bd3+ 28. Nxd3 Rxd3 29. Qxf7 Rf3+ 30. Qxf3 Qxf3+ 31. Kg1 g4 32. Rf1 Qd5
33. Kf2 Qxa2+ 34. Kg3 Qe6 35. Rf8+ Kc7 36. Rhf1 b5 37. R8f6 Qe5+ 38. R1f4 h5
39. R6f5 Qe3+ 40. Kg2 Qh3+ 41. Kg1 g3 42. hxg3 Qxg3+ 43. Kh1 Qh3+ 44. Kg1 a5
45. Rf7+ Kb6 46. Rf8 a4 47. Rb8+ Kc5 48. Rbf8 a3 49. Rf2 Qg4+ 50. Rg2 Qd4+ 51.
Kh1 Qd1+ 52. Rg1 Qd5+ 53. Rg2 a2 54. Rf1 b4 0-1

[Event "Prva liga Centralne Srbije 2010"]
[Site "Valjevo"]
[Date "2010.09.24"]
[Round "9.3"]
[White "Kojovic, Dragan"]
[Black "Radovanovic, Jovica"]
[Result "1/2-1/2"]
[WhiteElo "2388"]
[BlackElo "2305"]
[PlyCount "24"]
[EventDate "2010.09.18"]

1. d4 Nf6 2. Nf3 e6 3. c4 Bb4+ 4. Bd2 Qe7 5. a3 Bxd2+ 6. Qxd2 d6 7. Nc3 O-O 8.
g3 e5 9. Bg2 Re8 10. O-O Nbd7 11. e4 a5 12. Rfe1 a4 1/2-1/2

[Event "Prva liga Centralne Srbije 2010"]
[Site "Valjevo"]
[Date "2010.09.24"]
[Round "9.3"]
[White "Vratonjic, Slobo"]
[Black "Misojcic, Miroslav"]
[Result "1/2-1/2"]
[WhiteElo "2404"]
[BlackElo "2248"]
[PlyCount "20"]
[EventDate "2010.09.18"]

1. e4 c5 2. Nf3 Nc6 3. Bb5 g6 4. O-O Bg7 5. Re1 Nf6 6. c3 O-O 7. d3 d6 8. Nbd2
a6 9. Ba4 b5 10. Bc2 Bb7 1/2-1/2

[Event "Prva liga Centralne Srbije 2010"]
[Site "Valjevo"]
[Date "2010.09.24"]
[Round "9.3"]
[White "Sredojevic, Ivan"]
[Black "Tomic, Miroslav Lj"]
[Result "1-0"]
[WhiteElo "2390"]
[BlackElo "2159"]
[PlyCount "73"]
[EventDate "2010.09.18"]

1. e4 c6 2. d4 d5 3. Nc3 dxe4 4. Nxe4 Bf5 5. Ng3 Bg6 6. h4 h6 7. Nf3 e6 8. Ne5
Bh7 9. f4 Nf6 10. h5 Nbd7 11. Bd3 Bxd3 12. Qxd3 Bd6 13. Bd2 c5 14. dxc5 Bxc5
15. Qf3 Qc7 16. O-O-O Nb6 17. Ne4 Be7 18. Nxf6+ Bxf6 19. Bb4 Be7 20. Qa3 Nd5
21. Rxd5 exd5 22. Qa4+ Kf8 23. Nd7+ Kg8 24. Bxe7 Rc8 25. c3 Qc4 26. Qxc4 Rxc4
27. Bd6 d4 28. Re1 dxc3 29. Re8+ Kh7 30. Nf8+ Rxf8 31. Rxf8 f6 32. Rf7 cxb2+
33. Kxb2 Rd4 34. Rd7 Rd2+ 35. Kb3 Rxg2 36. Rxb7 Rh2 37. Bf8 1-0

[Event "Prva liga Centralne Srbije 2010"]
[Site "Valjevo"]
[Date "2010.09.24"]
[Round "9.3"]
[White "Merdovic, Miroljub"]
[Black "Lazic, Dragoljub"]
[Result "0-1"]
[WhiteElo "2176"]
[BlackElo "2319"]
[PlyCount "88"]
[EventDate "2010.09.18"]

1. e4 c5 2. c3 e6 3. d3 Nc6 4. Qc2 d5 5. b3 Nf6 6. Be2 Be7 7. Nd2 O-O 8. Ngf3
b6 9. e5 Nd7 10. O-O Ndxe5 11. Nxe5 Nxe5 12. Nf3 Bf6 13. Re1 Nxf3+ 14. Bxf3 Ba6
15. Bb2 Rc8 16. Rad1 Qd7 17. h3 Bb7 18. Bc1 a5 19. c4 Rfd8 20. Qe2 Bc3 21. Rf1
Bc6 22. a4 Qb7 23. Bg5 Rd7 24. h4 h6 25. Bc1 Rcd8 26. Kh2 Bf6 27. h5 dxc4 28.
dxc4 Bxf3 29. gxf3 Bd4 30. Kg2 Qc6 31. Be3 e5 32. Rg1 e4 33. f4 Qf6 34. Qg4 Rd6
35. Kh3 Bxe3 36. Rxd6 Rxd6 37. fxe3 Rd3 38. Rg3 Rxb3 39. f5 Qe5 40. Qf4 Qxf4
41. exf4 Rd3 42. f6 g6 43. hxg6 fxg6 44. Kg4 Kf7 0-1

[Event "Prva liga Centralne Srbije 2010"]
[Site "Valjevo"]
[Date "2010.09.24"]
[Round "9.4"]
[White "Simantsev, Mikhail"]
[Black "Markovic, Zoran S"]
[Result "1/2-1/2"]
[WhiteElo "2541"]
[BlackElo "2343"]
[PlyCount "33"]
[EventDate "2010.09.18"]

1. d4 d5 2. c4 e6 3. Nc3 Nf6 4. Nf3 Be7 5. Bf4 O-O 6. e3 c5 7. dxc5 Bxc5 8. Qc2
Nc6 9. a3 Qa5 10. Nd2 Bb4 11. cxd5 exd5 12. Bd3 Nh5 13. Bg3 h6 14. Nb3 Bxc3+
15. bxc3 Qd8 16. Rd1 Qe7 17. Qb2 1/2-1/2

[Event "Prva liga Centralne Srbije 2010"]
[Site "Valjevo"]
[Date "2010.09.24"]
[Round "9.4"]
[White "Milosevic, Aleksandar"]
[Black "Organdziev, Oliver"]
[Result "1/2-1/2"]
[WhiteElo "2254"]
[BlackElo "2321"]
[PlyCount "41"]
[EventDate "2010.09.18"]

1. c4 e5 2. d3 f5 3. g3 Nf6 4. Bg2 Nc6 5. Nc3 Bb4 6. Bd2 d6 7. a3 Bxc3 8. Bxc3
O-O 9. b4 Qe8 10. b5 Nd8 11. Nf3 Qh5 12. Qd2 Nf7 13. O-O-O a6 14. bxa6 Rxa6 15.
Qb2 c5 16. e3 Bd7 17. Nd2 Bc6 18. Bxc6 bxc6 19. Nb1 Qf3 20. h3 Rfa8 21. Rde1
1/2-1/2

[Event "Prva liga Centralne Srbije 2010"]
[Site "Valjevo"]
[Date "2010.09.24"]
[Round "9.5"]
[White "Adzic, Momcilo"]
[Black "Mitrovic, Darko R"]
[Result "0-1"]
[WhiteElo "2269"]
[BlackElo "2342"]
[PlyCount "94"]
[EventDate "2010.09.18"]

1. e4 e6 2. d4 d5 3. Nc3 Bb4 4. e5 c5 5. a3 Bxc3+ 6. bxc3 Ne7 7. a4 Nbc6 8. Nf3
Bd7 9. Bb5 Na5 10. Bd3 h6 11. Ba3 cxd4 12. cxd4 Nc4 13. Bxc4 dxc4 14. O-O Bc6
15. Bxe7 Qxe7 16. c3 O-O 17. Nd2 Qg5 18. g3 f5 19. f4 Qd8 20. Qe2 Qd5 21. Kf2
Rac8 22. Ke3 Rfd8 23. Qxc4 Qxc4 24. Nxc4 Bg2 25. Nd6 Bxf1 26. Nxc8 Rxc8 27.
Rxf1 Rxc3+ 28. Kd2 Rc4 29. Kd3 Rxa4 30. Rc1 Ra3+ 31. Kd2 Ra6 32. Rc8+ Kh7 33.
h4 Kg6 34. Rc7 Rb6 35. Rd7 a5 36. h5+ Kxh5 37. Rd6 Ra6 38. Rd7 a4 39. Kc2 a3
40. Kb1 a2+ 41. Ka1 g5 42. Rd6 gxf4 43. gxf4 Ra4 44. d5 exd5 45. e6 Rxf4 46.
Rxd5 Kg6 47. e7 Re4 0-1

[Event "Prva liga Centralne Srbije 2010"]
[Site "Valjevo"]
[Date "2010.09.24"]
[Round "9.5"]
[White "Rasic, Goran"]
[Black "Kostic, Nebojsa"]
[Result "0-1"]
[WhiteElo "2219"]
[BlackElo "2338"]
[PlyCount "66"]
[EventDate "2010.09.18"]

1. d4 c5 2. d5 f5 3. c4 g6 4. Nc3 Bg7 5. g3 Bxc3+ 6. bxc3 Qa5 7. Qd3 d6 8. Nh3
Nd7 9. f4 Ngf6 10. Nf2 Nb6 11. Bd2 Bd7 12. e3 O-O-O 13. a4 Rhe8 14. Be2 e6 15.
O-O e5 16. Qc2 exf4 17. gxf4 Ne4 18. Nxe4 Rxe4 19. Bd3 Rde8 20. Bxe4 Rxe4 21.
Rf3 Rxc4 22. Rh3 h5 23. Rg3 Be8 24. e4 Rxe4 25. Re3 Rxe3 26. Bxe3 Nxd5 27. Bf2
Qxc3 28. Qxc3 Nxc3 29. a5 Kc7 30. Kf1 Kc6 31. Be1 Ne4 32. Ke2 d5 33. Rb1 d4 0-1

[Event "Prva liga Centralne Srbije 2010"]
[Site "Valjevo"]
[Date "2010.09.24"]
[Round "9.5"]
[White "Stankovic, Dejan"]
[Black "Pavlovic, Nebojsa"]
[Result "1/2-1/2"]
[WhiteElo "2240"]
[BlackElo "2333"]
[PlyCount "63"]
[EventDate "2010.09.18"]

1. e4 e6 2. d4 d5 3. exd5 exd5 4. Bd3 Nf6 5. Nf3 Bd6 6. O-O O-O 7. Bg5 h6 8.
Bh4 c5 9. dxc5 Bxc5 10. Nbd2 Nc6 11. c3 Bg4 12. Qc2 Rc8 13. Bf5 Bxf5 14. Qxf5
Ne7 15. Qd3 Qd6 16. Rad1 Rfd8 17. Nb3 Bb6 18. Rfe1 Ng6 19. Bg3 Qd7 20. Ne5 Nxe5
21. Bxe5 Ng4 22. Bd4 Qd6 23. Qg3 Qxg3 24. hxg3 Bxd4 25. Rxd4 Rc4 26. f3 Nf6 27.
Re7 Rxd4 28. Nxd4 Nd7 29. Nb5 Kf8 30. Re2 a6 31. Nd4 Nc5 32. Rd2 1/2-1/2

[Event "Prva liga Centralne Srbije 2010"]
[Site "Valjevo"]
[Date "2010.09.24"]
[Round "9.6"]
[White "Dancevski, Orce"]
[Black "Iotov, Valentin"]
[Result "1/2-1/2"]
[WhiteElo "2402"]
[BlackElo "2588"]
[PlyCount "50"]
[EventDate "2010.09.18"]

1. d4 d5 2. c4 c6 3. Nf3 Nf6 4. e3 Bf5 5. Nc3 e6 6. Nh4 Be4 7. f3 Bg6 8. Qb3
Qc7 9. cxd5 exd5 10. g3 Nbd7 11. Bd2 Be7 12. Kf2 O-O-O 13. Bh3 Kb8 14. a4 Qb6
15. Qa2 a5 16. Nf5 Bxf5 17. Bxf5 Bb4 18. Rhd1 Ne8 19. Ne2 Nd6 20. Bd3 Rde8 21.
Bxb4 Qxb4 22. Rac1 Nb6 23. b3 Re7 24. Nc3 Rhe8 25. Re1 h5 1/2-1/2

[Event "Prva liga Centralne Srbije 2010"]
[Site "Valjevo"]
[Date "2010.09.24"]
[Round "9.6"]
[White "Nestorovic, Nikola"]
[Black "Dudukovic, Nikola"]
[Result "1-0"]
[WhiteElo "2420"]
[BlackElo "2237"]
[PlyCount "79"]
[EventDate "2010.09.18"]

1. e4 e6 2. d4 d5 3. Nc3 Nf6 4. Bg5 Be7 5. e5 Nfd7 6. Bxe7 Qxe7 7. Nb5 Qd8 8.
c3 a6 9. Na3 c5 10. f4 Nc6 11. Nf3 Qb6 12. Rb1 cxd4 13. cxd4 Nf8 14. Qd2 Bd7
15. Nc2 Ne7 16. g3 Nfg6 17. Ne3 h5 18. h4 Nf5 19. Kf2 Nxe3 20. Kxe3 Ne7 21. Bh3
O-O-O 22. Rbc1+ Kb8 23. Rc5 f6 24. Rhc1 Be8 25. b4 Bg6 26. a4 Bf5 27. a5 Qa7
28. Bxf5 Nxf5+ 29. Kf2 fxe5 30. fxe5 Rc8 31. Ng5 b6 32. Rxc8+ Rxc8 33. Rxc8+
Kxc8 34. Nxe6 Kd7 35. axb6 Qxb6 36. Nc5+ Ke8 37. e6 Qd6 38. Qg5 Qf8 39. Qxh5+
Ke7 40. Nd7 1-0

[Event "Prva liga Centralne Srbije 2010"]
[Site "Valjevo"]
[Date "2010.09.24"]
[Round "9.6"]
[White "Djokic, Nebojsa"]
[Black "Todorovic, Jovan"]
[Result "1/2-1/2"]
[WhiteElo "2198"]
[BlackElo "2417"]
[PlyCount "51"]
[EventDate "2010.09.18"]

1. e4 c5 2. Nf3 d6 3. d4 cxd4 4. Nxd4 Nf6 5. Nc3 Nc6 6. Bg5 e6 7. Qd2 Be7 8.
O-O-O O-O 9. f4 Nxd4 10. Qxd4 Qa5 11. e5 dxe5 12. Qxe5 Qxe5 13. fxe5 Nd5 14.
Bxe7 Nxe7 15. Bd3 b6 16. Be4 Rb8 17. Rhe1 Bb7 18. Rd7 Bxe4 19. Rxe4 Nc6 20. Nb5
a5 21. a3 h5 22. Rc7 Rfc8 23. Rxc8+ Rxc8 24. Rc4 Na7 25. Rxc8+ Nxc8 26. Kd2
1/2-1/2

[Event "Prva liga Centralne Srbije 2010"]
[Site "Valjevo"]
[Date "2010.09.24"]
[Round "9.6"]
[White "Stamenkovic, Dragan"]
[Black "Zivanovic, Nenad"]
[Result "1-0"]
[WhiteElo "2370"]
[BlackElo "2187"]
[PlyCount "91"]
[EventDate "2010.09.18"]

1. d4 Nf6 2. Bg5 d5 3. e3 Nbd7 4. c4 e6 5. cxd5 exd5 6. Nc3 Be7 7. Bd3 O-O 8.
Nge2 c6 9. Qc2 Re8 10. O-O Nf8 11. f3 h6 12. Bh4 Be6 13. Rad1 Rc8 14. Kh1 b5
15. a3 Qb6 16. Bf2 Qb8 17. h3 Red8 18. e4 dxe4 19. fxe4 a6 20. Qc1 Bb3 21. Rde1
a5 22. Ng3 N6h7 23. Nf5 Bg5 24. Be3 Qc7 25. e5 Bxe3 26. Rxe3 Kh8 27. Ne4 Be6
28. Nfd6 Rb8 29. Nc5 Rxd6 30. Na6 Qb6 31. Nxb8 Rxd4 32. Nxc6 Rd7 33. Bxh7 Nxh7
34. Rc3 Ng5 35. Qe3 Qxe3 36. Rxe3 Rd2 37. Ne7 Rxb2 38. h4 Bc4 39. Rf4 Ne6 40.
Rxf7 b4 41. axb4 axb4 42. h5 b3 43. Ng6+ Kg8 44. Ref3 Kh7 45. Rb7 Bd5 46. Rb8
1-0

[Event "Prva liga Centralne Srbije 2010"]
[Site "Valjevo"]
[Date "2010.09.24"]
[Round "9.6"]
[White "Ilic, Aleksandar"]
[Black "Mihic, Bojan"]
[Result "1/2-1/2"]
[WhiteElo "2144"]
[BlackElo "2413"]
[PlyCount "106"]
[EventDate "2010.09.18"]

1. e4 e6 2. d4 d5 3. Nc3 Bb4 4. e5 b6 5. Qg4 Bf8 6. Nf3 Qd7 7. h4 h5 8. Qf4 Nc6
9. a3 Bb7 10. Rh3 O-O-O 11. Bd3 Kb8 12. Qe3 Rc8 13. Qe2 Nd8 14. b4 Nh6 15. Ba6
Nf5 16. Nd1 Be7 17. Ne3 g6 18. Nxf5 exf5 19. Bxb7 Kxb7 20. c4 dxc4 21. Qxc4 Ne6
22. Bb2 Rhd8 23. Rd1 Qd5 24. Qc1 Rd7 25. Kf1 Rcd8 26. Ne1 Qb5+ 27. Kg1 Nxd4 28.
Bxd4 Rxd4 29. Rxd4 Rxd4 30. Rc3 Qxe5 31. Nf3 Rd1+ 32. Qxd1 Qxc3 33. Qd5+ Qc6
34. Qxf7 Qc1+ 35. Kh2 Bd6+ 36. g3 Qf1 37. Qd5+ c6 38. Qd4 Bc7 39. a4 Qe2 40.
Kg2 Qe6 41. Kf1 Qb3 42. Ng5 Qxa4 43. Ne6 Qb5+ 44. Kg1 Qd5 45. Qf6 Qd1+ 46. Kg2
Qd6 47. Qxg6 Qxb4 48. Qxf5 a5 49. Nxc7 Kxc7 50. Qxh5 Qe4+ 51. f3 Qe2+ 52. Kh3
Qf1+ 53. Kh2 Qf2+ 1/2-1/2

[Event "Prva liga Centralne Srbije 2010"]
[Site "Valjevo"]
[Date "2010.09.24"]
[Round "9.6"]
[White "Jesic, Dusan"]
[Black "Madjar, Stanislav"]
[Result "1-0"]
[WhiteElo "2363"]
[BlackElo "2145"]
[PlyCount "53"]
[EventDate "2010.09.18"]

1. e4 Nf6 2. e5 Nd5 3. d4 d6 4. exd6 exd6 5. c4 Nb6 6. Nc3 Be7 7. Be3 Nc6 8.
Qf3 Be6 9. b3 Qd7 10. h3 Bf5 11. O-O-O O-O 12. Nge2 Rad8 13. g4 Bg6 14. Ng3 d5
15. c5 Nc8 16. h4 f5 17. gxf5 Be8 18. Nxd5 Bf7 19. Nxe7+ N8xe7 20. Rg1 Bd5 21.
Qg4 Kh8 22. Bd3 Ng8 23. Nh5 Rf7 24. Bg5 Rdf8 25. Nf4 Nf6 26. Bxf6 Rxf6 27. Nxd5
1-0